000 00525nam a2200181Ia 4500
003 IN-BaIIA
008 211028s9999 xx 000 0 eng d
040 _cIIA Library
080 _a58
_bROX-4
100 _aRoxburgh, W
_910621
245 0 _aDrawing of Indian plants,FASC-IV
_cW. Roxburgh
260 _aCalcutta
_bBotanical Survey of India
_c1970
300 _a57p.
650 _aDrawings - plants
_910622
650 _aNASA thesaurus
650 _aPlants
_97639
942 _cBK
999 _c6144
_d6144